Score 0/10 Timer 01:00
0 Plays Today
Scramble Answer % Correct
NLIOCNLLincoln
94.1%
AMABOObama
94%
NEOSERFFJJefferson
93%
NTHSOIGANWWashington
92%
NRMAUTTruman
90.3%
RURTHAArthur
82.5%
RLEYTTyler
79.3%
DERAFILGGarfield
62.3%
DEALVLNECCleveland
60.2%
ERLMIOLFFillmore
57.5%

You're not logged in!

Compare scores with friends on all Sporcle quizzes.
OR
Log In

Sporcle TV

Today on Sporcle TV


Watch our educational content, quiz creation guides, and fun videos on Sporcle TV.

Show Comments

Extras

Top Quizzes Today


Score Distribution

Your Account Isn't Verified!

In order to create a playlist on Sporcle, you need to verify the email address you used during registration. Go to your Sporcle Settings to finish the process.

Report this User

Report this user for behavior that violates our Community Guidelines.

Details: